| 000 | 00824nas a2200265 4500 | ||
|---|---|---|---|
| 001 | BR8106739 | ||
| 003 | BR-BrBNA | ||
| 005 | 20231205084852.0 | ||
| 007 | ta | ||
| 008 | 230509b bl.|||p| |||| 00| 00por d | ||
| 040 |
_aBR-BrBNA _bpor _cBiblioteca Nacional de Agricultura |
||
| 041 | _a(Pt) | ||
| 072 | _aF22 | ||
| 100 | 1 | _aRodrigues, M.R.S. | |
| 100 | 1 | _aMello, F.A.F. | |
| 245 | 1 |
_aFatores que afetam a fixacao de fosfato nos solos do estado de Sao Paulo [Brasil] _bParte de tese |
|
| 650 | _aANALISE DO SOLO | ||
| 650 | _aFIXACAO DE FOSFATO | ||
| 650 | _aPH | ||
| 650 | _aSOLO | ||
| 650 | _aSAO PAULO | ||
| 773 | 0 |
_tAnais da Escola Superior de Agricultura Luiz de Queiroz (Brazil) _xISSN 0071-1276 _g(1981), v. 38(1) p. 173-183 _wBR8106739 |
|
| 909 |
_a202311 _bLúcia _c55 _dLúcia Elande |
||
| 942 |
_2AGRIS _n0 _cANA |
||
| 999 |
_c107805 _d107805 |
||